| 000 | 00596nam a2200229 a 4500 | ||
|---|---|---|---|
| 999 |
_c760 _d760 |
||
| 008 | 191028t2003 xxkad||g |||| 00| 0 eng d | ||
| 020 |
_a9788126516483 _cRs. 319.00 |
||
| 040 |
_aKO _beng |
||
| 041 | 0 | _aeng | |
| 044 | _axxk | ||
| 082 | 0 | 4 |
_223 _a658.787 _bW315 |
| 100 | 1 | _aWaters, Donald | |
| 245 | 1 | 0 |
_aInventory Control and Management / _cDonald Waters |
| 250 | _a2nd ed. | ||
| 260 |
_aEngland : _bJohn Wiley & Sons Ltd. , _c2003 |
||
| 300 |
_axiv, 391 p. : _bill. ; _c23 cm. |
||
| 504 | _aIncludes Index. | ||
| 650 | 0 | _aInventory control | |
| 904 | _aA_BOSE | ||
| 942 | _cBK | ||